Регионална библиотека "Любен Каравелов" - Русе

Възторзи и страдания в моя път (Запис номер 106947)

MARC детайли
000 -Лидер
Контролно поле с фиксирана дължина 01125nam a2200337 c 4500
003 - Код на организацията, давaща контролен номер
Контролно поле BLK
005 - Дата и час на последна редакция
Контролно поле 20230807111817.0
008 - Елементи от данни с фиксирана дължина
fixed length control field 180409b bul|||||r ||||||| ||bul||
010 ## - Наследен системен номер
LC control number KNG00112219000
020 ## - Международен стандартен номер на книга ISBN
Международен стандартен номер на книга ISBN 954-9972-52-6
040 ## - Източник на каталожния запис
Идентификатор на билиотеката - собственик на записа BLK
041 ## - Код за език
Код за езика на текст/звукозапис или на отделно заглавие Български
Код за езика КДБФ Български
080 ## - УДК
Текстов определител УДК Българска литература
УДК код - определител по УДК 821.163.2
УДК определител -1
УДК - код + определител 821.163.2-1
100 1# - Редна дума - Автор
Автор Петрова, Вяра Атанасова
Авторска отговорност първи автор
R(LIN) 242853
139 ## - Редно поле
Редна дума Петрова, Вяра Атанасова
Авторски знак Петро - П 47
245 10 - Сведения за заглавието
Заглавие Възторзи и страдания в моя път
Подзаглавни данни Стихотворения
Редно поле (дума) Вяра Атанасова Петрова.
257 ## - Страна на издаване
Страна на създаване/издаване България
260 ## - Област на издателските данни
Име на издателя, разпространителя и проч. Примакс
Година на издаване 2004
Печатница Русе : Авангард принт
300 ## - Физическа характеристика
Страници 43 с.
Размери/Мащаб 24 см
380 ## - Жанр
Жанр Худож. лит.
500 ## - Общи забележки
Забележка Офс. изд.
653 ## - Ключова дума – ненормативна
Ключова дума стихотворения
852 ## - Местоположение
Форматна сигнатура Цб 218907
852 ## - Местоположение
Форматна сигнатура К 821.163.2/П 47 В
856 4# - Електронен адрес и достъп
Електронен формат pdf - файл
856 4# - Електронен адрес и достъп
Електронен формат pdf - файл
999 ## - СИСТЕМНИ КОНТРОЛНИ НОМЕРА
Koha biblionumber 106947
Koha biblioitemnumber 106947
942 ## - АРТИКУЛИ
Вид на библиотечния материал Книги
Скрит в OPAC Не
Периодичен библиозапис Да
Koha issues (borrowed), all copies 1
944 ## - СЪЗДАВАНЕ И РЕДАКЦИЯ на ЗАПИСА
Създаване/Редакция Създаване
Дата на регистрацията/редакция 09.04.2004
Служител, извършил регистрацията/редакцията 30575
Статус, дата на статуса Мартин Енчев
944 ## - СЪЗДАВАНЕ И РЕДАКЦИЯ на ЗАПИСА
Създаване/Редакция Редакция
Дата на регистрацията/редакция 22.08.2006
999 ## - СИСТЕМНИ КОНТРОЛНИ НОМЕРА
Koha biblioitemnumber 106947
Наличности
Код за отписване Код за изгубен артикул Източник на класификационната схема Код за повреда Коз за рестрикции Код за отдаване Артикулен № Име на библиотеката - собственик Име на библиотеката, в която се намира в момента Статус (Текущо местоположение) Дата на вписване в системата Местоположение - отдел Цена в лева Инвентарен номер Систематично азбучна сигнатура Баркод Номер на екземпляра Цена в евро Служебна бележка Служебен тип на артикула
Изтеглен Не е изгубен Universal Decimal Classification Не е повреден без рестрикции заемане за дома 172689 Регионална библиотека "Любен Каравелов" Русе Регионална библиотека "Любен Каравелов" Русе Заемна - подръчен фонд 2004-04-09 Заемна - подръчен фонд 2.50 120000684417 П 886.7-1/П 47 120000684417 1 1.28 Дост: DA Вид: А N: 11 Дата: 08.04.2004 Дата инв: 14.02.2018 Бележки инв: П2018 Книги
  Не е изгубен   Не е повреден без рестрикции заемане за дома 172690 Регионална библиотека "Любен Каравелов" Русе Регионална библиотека "Любен Каравелов" Русе Заемна - подръчен фонд 2004-04-09 Заемна - подръчен фонд 2.50 120000684418 П 886.7-1/П 47 120000684418 2 1.28 Дост: DA Вид: А N: 11 Дата: 08.04.2004 Дата инв: 14.02.2018 Бележки инв: П2018 Книги
  Не е изгубен Universal Decimal Classification Не е повреден без рестрикции ползва се в читалня 172691 Регионална библиотека "Любен Каравелов" Русе Регионална библиотека "Любен Каравелов" Русе Краезнание 2004-04-09 Краезнание 2.50 120000684419 К 821.163.2/П 47 В 120000684419 3 1.28 Дост: DA Вид: А N: 11 Дата: 08.04.2004 Дата инв: 15.11.2017 Бележки инв: К2017 Книги
Vip Innovations Ltd, Rousse, Bulgaria 2025